The Sultan's fountain : (Record no. 60700)
[ view plain ]
| 000 -الفاتح | |
|---|---|
| حقل البيانات ثابتة الطول | 02115cam a22003137a 4500 |
| 005 - وقت وتاريخ اخر تعامل مع التسجيلة | |
| رقم الضبط | 20240530110423.0 |
| 008 - عناصر البيانات ثابتة الطول - معلومات عامة | |
| حقل البيانات ثابتة الطول | 120516s2011 ua afo f 000 0deng d |
| 020 ## - الرقم الدولى المعيارى للكتب | |
| الرقم الدولى المعيارى للكتاب | 9789774165238 |
| 040 ## - مصدر الفهرسة | |
| وكالة الفهرسة الأصلية | EG-CaGPL |
| وكالة النسخ | EG-CaGPL |
| 082 04 - رقم تصنيف ديوى العشرى | |
| رقم الطبعة | 21 |
| رقم التصنيف | 916.216 |
| رقم المادة | CC/D S |
| 100 1# - المدخل الرئيسى - إسم شخصى | |
| الإسم الشخصى | Dobrowolska, Agnieszka. |
| 245 14 - بيان العنوان | |
| العنوان | The Sultan's fountain : |
| بقية العنوان | an imperial story of Cairo, Istanbul, and Amsterdam / |
| بيان المسئوليه,etc | Agnieszka Dobrowolska, Jarosław Dobrowolski. |
| 250 ## - بيان الطبعة | |
| بيان الطبعة | A Netherlands-Flemish Institute in Cairo ed. |
| 260 ## - PUBLICATION, DISTRIBUTION, ETC. (IMPRINT) | |
| تاريخ النشر أو التوزيع | 2011. |
| 300 ## - الوصف المادى | |
| التعداد | xiii, 182 p. : |
| تفاصيل ماديه اخرى للوعاء | chiefly col. ill. ; |
| أبعاد الوعاء | 24 cm. |
| 500 ## - تبصرة عامة | |
| تبصرة عامة | The small sabil-kuttab (a charitable foundation particular to Cairo that combines a public water dispensary with a Quranic school) built in 1760 opposite the venerated Sayida Zeinab Mosque is almost unique in Cairo: it is one of only two dedicated by a reigning Ottoman sultan, and - astonishingly - it is decorated inside with blue-and-white tiles from Amsterdam depicting happy scenes from the Dutch countryside. Why did the sultan, Mustafa III, cloistered in his Istanbul palace, decide to build a sabil in Cairo? Why did he choose this site for it? How did it come to be adorned with Dutch tiles? What were the connections between Cairo, Istanbul, and Amsterdam in the middle of the eighteenth century? The authors answer these questions and many more in this entertaining and beautifully illustrated history of an extraordinary building, describing also the recent conservation efforts to preserve it for posterity. - Inside front cover. |
| 650 #0 - المدخل الاضافى بالموضوع-مصطلح موضوعى | |
| مصطلح موضوعي | Drinking fountains |
| التقسيم الفرعي الجغرافي | Egypt. |
| 650 #0 - المدخل الاضافى بالموضوع-مصطلح موضوعى | |
| مصطلح موضوعي | Islamic architecture |
| التقسيم الفرعي الجغرافي | Egypt |
| -- | Cairo |
| التقسيم الفرعي الزمني | 18th century. |
| 650 #0 - المدخل الاضافى بالموضوع-مصطلح موضوعى | |
| مصطلح موضوعي | Islamic architecture |
| التقسيم الفرعي العام | Conservation and restoration. |
| 650 #0 - المدخل الاضافى بالموضوع-مصطلح موضوعى | |
| مصطلح موضوعي | Delftware. |
| 650 #0 - المدخل الاضافى بالموضوع-مصطلح موضوعى | |
| مصطلح موضوعي | Islamic art |
| التقسيم الفرعي الجغرافي | Egypt. |
| 651 #0 - المدخل الاضافى بالموضوع - اسم جغرافى | |
| الاسم الجغرافي | Cairo (Egypt) |
| التقسيم الفرعي العام | Description and travel. |
| 700 1# - المدخل الاضافى - اسم شخصى | |
| الإسم الشخصى | Dobrowolski, Jarosław. |
| 710 2# - المدخل الاضافى - اسم هيئه | |
| اسم الهيئة أو اسم السلطة كمدخل | Nederlands-Vlaams Instituut in Cairo. |
| 942 ## - عناصر المدخل الإضافي( كوها) | |
| مصدر التصنيف او مخطط الترفيف | Dewey Decimal Classification |
| Koha [default] item type | كتاب |
| 260 ## - PUBLICATION, DISTRIBUTION, ETC. (IMPRINT) | |
| -- | Cairo ; |
| -- | New York : |
| -- | American University in Cairo, |
| حالة التراجع | حالة الفقد | مصدر التصنيف او خطة الترفيف | حالة تلف | ليس للاعارة | المكان المؤقت | الموقع الحالى | تاريخ الاكتساب | اجمالي اﻻعارات | رقم الطلب | الباركود | تاريخ اخر مشاهدة | تاريخ تفعيل السعر | نوع وعاء كوها |
|---|---|---|---|---|---|---|---|---|---|---|---|---|---|
| ddc | مكتبة القاهرة الكبرى | مكتبة القاهرة الكبرى | 03/17/2015 | 916.216 CC/D S | 159802 | 03/17/2015 | 03/17/2015 | كتاب |

